| Поле | Название | Значение |
| |
Тип записи |
a |
| |
Библиографический уровень |
m |
| 001 |
Контрольный номер |
RU/URAIT/587530 |
| 005 |
Дата корректировки |
20260429163656.8 |
| 008 |
Кодируемые данные |
260429s2026 RU y f j 000 0 rus u |
| 020 |
Индекс ISBN |
__ |
| a |
ISBN |
978-5-534-10932-0 |
| c |
Цена, тираж |
1489.00 |
| 040 |
Источник каталогиз. |
__ |
| a |
Служба первич. каталог. |
ИКО Юрайт |
| c |
Служба, преобразующая запись |
ИКО Юрайт |
| e |
Правила каталог. |
RCR |
| 041 |
Код языка издания |
__ |
| a |
Код языка текста |
rus |
| 044 |
Код страны публикации |
__ |
| a |
Код страны публикации |
RU |
| 080 |
Индекс УДК |
__ |
| a |
Индекс УДК |
621(075.32) |
| 084 |
Индекс другой классификации/Индекс ББК |
__ |
| 2 |
Источник индекса |
rubbk |
| a |
Индекс другой классификации/Индекс ББК |
34.4я723 |
| 100 |
Автор |
__ |
| a |
Автор |
Рогов В. А. |
| q |
Полное имя |
Рогов Владимир Александрович |
| 245 |
Заглавие |
__ |
| a |
Заглавие |
Технология машиностроения |
| b |
Продолж. заглавия |
учебник для спо |
| c |
Ответственность |
В. А. Рогов. |
| 250 |
Сведения об издании |
__ |
| g |
|
испр. и доп |
| a |
Основные сведения об издании |
2-е изд. |
| 256 |
Характеристики компьютерного файла |
__ |
| a |
Характеристики компьютерного файла |
Электрон. дан. |
| 260 |
Выходные данные |
__ |
| a |
Место издания |
Москва |
| b |
Издательство |
Юрайт |
| c |
Дата издания |
2026 |
| 300 |
Физическое описание |
__ |
| a |
Объем |
351 с |
| 440 |
Серия |
__ |
| a |
Серия |
Профессиональное образование |
| 500 |
Примечания |
__ |
| a |
Примечание |
URL: https://urait.ru/bcode/587530 (дата обращения: 29.04.2026). |
| 520 |
Аннотация |
__ |
| a |
Аннотация |
В учебнике комплексно изложены основные теоретические положения технологии машиностроения. Приведены наиболее применяемые методы обработки типовых поверхностей деталей машин. Освещены вопросы точности обработки и сборки, основные элементы конструкции приспособлений. |
| 538 |
Прим. о системных особенностях |
__ |
| a |
Прим. о системных особенностях |
Режим доступа: Электронно-библиотечная система Юрайт, для авториз. пользователей |
| 653 |
Ключевые слова |
__ |
| a |
Ключевые слова |
Машины, машиностроение и приборостроение |
| 653 |
Ключевые слова |
__ |
| a |
Ключевые слова |
Технические науки |
| 653 |
Ключевые слова |
__ |
| a |
Ключевые слова |
Технология машиностроения |
| 653 |
Ключевые слова |
__ |
| a |
Ключевые слова |
Технология машиностроения и приборостроения |
| 653 |
Ключевые слова |
__ |
| a |
Ключевые слова |
Основы технологии машиностроения |
| 653 |
Ключевые слова |
__ |
| a |
Ключевые слова |
Проектирование машиностроительного производства |
| 653 |
Ключевые слова |
__ |
| a |
Ключевые слова |
Технологические процессы в машиностроении |
| 653 |
Ключевые слова |
__ |
| a |
Ключевые слова |
Технологическое оборудование |
| 653 |
Ключевые слова |
__ |
| a |
Ключевые слова |
Общая технология машиностроения |
| 653 |
Ключевые слова |
__ |
| a |
Ключевые слова |
Процессы формообразования в машиностроении |
| 653 |
Ключевые слова |
__ |
| a |
Ключевые слова |
Разработка технологических процессов для сборки узлов и изделий в механосборочном производстве, в том числе автоматизированном |
| 653 |
Ключевые слова |
__ |
| a |
Ключевые слова |
Реализация технологических процессов в механосборочном производстве |
| 653 |
Ключевые слова |
__ |
| a |
Ключевые слова |
Основы технологий машиностроения |
| 653 |
Ключевые слова |
__ |
| a |
Ключевые слова |
Машиностроительное производство |
| 653 |
Ключевые слова |
__ |
| a |
Ключевые слова |
Технологии машиностроения |
| 653 |
Ключевые слова |
__ |
| a |
Ключевые слова |
Организация машиностроительного производства |
| 653 |
Ключевые слова |
__ |
| a |
Ключевые слова |
Машиностроение |
| 653 |
Ключевые слова |
__ |
| a |
Ключевые слова |
Инструмент машиностроительного производства |
| 653 |
Ключевые слова |
__ |
| a |
Ключевые слова |
Введение в машиностроение |
| 653 |
Ключевые слова |
__ |
| a |
Ключевые слова |
Введение в технологию машиностроения |
| 653 |
Ключевые слова |
__ |
| a |
Ключевые слова |
Оборудование машиностроения |
| 856 |
Электронный адрес документа |
40 |
| n |
Местонахождение сервера |
Юрайт |
| g |
|
Электронная книга |
| q |
Тип электронного формата |
html |
| h |
Имя пользователя |
ЮРАЙТ |
| v |
Часы доступа к ресурсу |
20271231 |
| 2 |
Способ доступа |
Показать документ |
| x |
Служебное примечание |
https://urait.ru/book/cover/C0BBF088-42A6-4BA5-B87A-D1CC3E46437D |
| u |
URL |
https://urait.ru/bcode/587530 |
| 856 |
Электронный адрес документа |
48 |
| q |
Тип электронного формата |
cover |
| u |
URL |
https://urait.ru/book/cover/C0BBF088-42A6-4BA5-B87A-D1CC3E46437D |
| 911 |
|
__ |
| u |
|
0030=https://urait.ru/bcode/587530 |
| 911 |
|
__ |
| u |
|
073a=9785534109320 |
| u |
|
073d=1489.00 |
| 911 |
|
__ |
| u |
|
106a=s |
| 911 |
|
__ |
| u |
|
900l= |
| 952 |
Тип литературы |
__ |
| i |
Дисциплина |
Технология машиностроения |
| 952 |
Тип литературы |
__ |
| i |
Дисциплина |
Технология машиностроения и приборостроения |
| 952 |
Тип литературы |
__ |
| i |
Дисциплина |
Основы технологии машиностроения |
| 952 |
Тип литературы |
__ |
| i |
Дисциплина |
Проектирование машиностроительного производства |
| 952 |
Тип литературы |
__ |
| i |
Дисциплина |
Технологические процессы в машиностроении |
| 952 |
Тип литературы |
__ |
| i |
Дисциплина |
Технологическое оборудование |
| 952 |
Тип литературы |
__ |
| i |
Дисциплина |
Общая технология машиностроения |
| 952 |
Тип литературы |
__ |
| i |
Дисциплина |
Процессы формообразования в машиностроении |
| 952 |
Тип литературы |
__ |
| i |
Дисциплина |
Разработка технологических процессов для сборки узлов и изделий в механосборочном производстве, в том числе автоматизированном |
| 952 |
Тип литературы |
__ |
| i |
Дисциплина |
Реализация технологических процессов в механосборочном производстве |
| 952 |
Тип литературы |
__ |
| i |
Дисциплина |
Основы технологий машиностроения |
| 952 |
Тип литературы |
__ |
| i |
Дисциплина |
Машиностроительное производство |
| 952 |
Тип литературы |
__ |
| i |
Дисциплина |
Технологии машиностроения |
| 952 |
Тип литературы |
__ |
| i |
Дисциплина |
Организация машиностроительного производства |
| 952 |
Тип литературы |
__ |
| i |
Дисциплина |
Машиностроение |
| 952 |
Тип литературы |
__ |
| i |
Дисциплина |
Инструмент машиностроительного производства |
| 952 |
Тип литературы |
__ |
| i |
Дисциплина |
Введение в машиностроение |
| 952 |
Тип литературы |
__ |
| i |
Дисциплина |
Введение в технологию машиностроения |
| 952 |
Тип литературы |
__ |
| i |
Дисциплина |
Оборудование машиностроения |